Kirchner and Krugman: a conversation /
Gespeichert in:
| 1. Verfasser: | |
|---|---|
| Weitere Verfasser: | |
| Format: | Text |
| Schlagworte: | |
| Tags: |
Tag hinzufügen
Keine Tags, Fügen Sie den ersten Tag hinzu!
|
MARC
| LEADER | 00000 a a2200000 04500 | ||
|---|---|---|---|
| 001 | 10014 | ||
| 003 | |||
| 040 | |||
| 100 | |a Kirchner, Néstor | ||
| 245 | |a Kirchner and Krugman: a conversation / |c Néstor Kirchner ; Paul Krugman | ||
| 650 | |a CONDICIONES ECONOMICAS | ||
| 650 | |a ASPECTOS POLITICOS | ||
| 650 | |a POLITICA ECONOMICA | ||
| 650 | |a POLITICA SOCIAL | ||
| 650 | |a DESIGUALDAD SOCIAL | ||
| 650 | |a RECONSTRUCCION DE LA ECONOMIA | ||
| 650 | |a ARGENTINA | ||
| 700 | |a Krugman, Paul | ||
| 773 | |g volumen 38, número 1; páginas 4-7 | ||
| 999 | |c 20767 |d 20767 | ||
